00789nam a22001937a 4500003000900000008004100009020001800050040007100068082001500139100002300154245003800177260002700215300004400242505025000286650001200536650001500548650001400563650001800577AR-CdUCM190318b ||||| |||| 00| 0 spa d a84-85317-89-0 aMUNICIPALIDAD PROVINCIAL DEL CUSCOcBIBLIOTECA MUNICIPAL DEL CUSCO a500 /bQ42 aMondadori, Arnoldo aQue quieres saber de la ciencia / aBarcelona :bOcéano, a4 volúmenes ;bIlustraciones,c26 cm. aContenido: v.1 -- La ciencia -- El movimiento -- La materia -- v.2 -- La materia -- La energía -- La energía y la materia en el mundo del átomo -- La electrónica -- v.3 -- Las matemáticas -- El cosmos -- v.4 Los secretos de la vida ... aCiencia aMovimiento aEnergía aMatemáticas